000 002910000a22000970004500
100 1 _aPate, Larry D.
245 1 0 _aAdop a people and the two-thirds world mission movement
300 _aVol. 12, Núm 1 (1995), Páginas 41-43
773 0 _tInternational Journal of Frontier Misions
942 _cANA
999 _c55338
_d55338